Conhecimentos Gerais - Statistics

Estatísticas Gerais
  • Esse quiz foi jogado 3 455 vezes
    3 347 desde o último reset
  • A pontuação média é 42 de 79
Estatísticas das Respostas
QUESTÃO RESPOSTA % Correto
Capital brasileira Brasília
94%
Continente mais povoado/populoso Ásia
90%
Fórmula química da água H2O
87%
Oceano que banha o Brasil Oceano Atlântico
87%
Número de oceanos do mundo Cinco
86%
Significado das siglas de "OVNI" Objeto voador não identificado
85%
O maior país do mundo em questão territorial Rússia
85%
Maior planeta do sistema solar Júpiter
84%
Capital do Reino Unido Londres
83%
Continente em que se encontra a Indonésia Ásia
81%
Único número par e primo Dois
81%
O maior osso do corpo humano Fêmur
80%
Ponto mais alto do mundo Monte Everest
80%
País onde nasceu Dom Pedro I Portugal
80%
O menor país do mundo reconhecido pela ONU Vaticano
78%
Cor considerada a ausência de cor Preta
77%
Graus centígrados na escala Célsius em que a água evapora 100
76%
Valor aproximado de π (pi) 3,14
76%
Cor considerada a mistura de todas as cores Branca
76%
Estado brasileiro que tem a cidade de Rio Branco como capital Acre
75%
Significado da sigla "RG" Registro Geral
75%
Três poderes políticos: Executivo, Legislativo e __________ Judiciário
74%
Letra que representa o Fósforo na tabela periódica P
73%
Cromossomo feminino X
73%
Ano de início da primeira guerra mundial 1914
70%
Norte, Sul, Leste e Oeste são pontos ______ Cardeais
70%
Carga negativa do atomo Elétron
65%
País onde nasce o Rio Amazonas Peru
65%
Tipo sanguíneo considerado doador universal O Negativo
63%
Palavra "against" em português Contra
62%
Gás encontrado em maior quantidade na atmosfera Nitrogênio
61%
País a qual pertence a Groênlandia Dinamarca
59%
Mártir da Inconfidência Mineira Tiradentes
59%
Primeiro presidente do Brasil Marechal Deodoro da Fonseca
58%
Data da proclamação da independência do Brasil 7 de setembro de 1822
57%
Pressão elevada: Hipertensão. Pressão abaixo do normal: Hipotensão
57%
Conhecida como a cidade luz Paris
56%
Sigla do elemento químico Prata Ag
54%
Principal linha de latitude Linha do Equador
54%
Número de cromossomos do ser humano Quarenta e seis
54%
Principal artéria do corpo humano Aorta
53%
Pigmento responsável pela cor vermelha do sangue Hemoglobina
53%
Tipo sanguíneo considerado receptor universal AB positivo
51%
Tempo de duração da ditadura militar no Brasil Vinte e um anos
51%
Nome do primeiro avião de Santos Dumont 14 Bis
49%
Data da proclamação da república no Brasil 15 de novembro de 1889
49%
Palavra "acima" em inglês Above
49%
Política de Segregação Racial na Africa do Sul Apartheid
49%
Triângulo que possui os lados de tamanhos diferentes Escaleno
49%
Primeiro homem a pisar na Lua Neil Armstrong
49%
Principal meridiano de longitude Meridiano de Greenwich
48%
Principal líder da Revolução Cubana Fidel Castro
47%
A única estrela acima da faixa da bandeira brasileira está representando o estado ________ Pará
46%
O maior/principal bioma brasileiro Amazônia
45%
Ponto mais alto do Brasil Pico da Neblina
45%
Significado da sigla LIBRAS Língua brasileira de sinais
43%
Antiga Mesopotâmia, Atual _____ Iraque
40%
Lei Brasileira que considerava livre os filhos de escravas nascidos a partir da data dessa lei. Lei do ventre livre
40%
Quantidade de costelas do esqueleto humano completo Vinte e quatro
40%
O elemento mais leve da natureza Hidrogênio
38%
Deusa da caça Artêmis
35%
Momento em que a Terra se encontra mais afastada possível da lua, oposto de Perigeu Apogeu
33%
Data do descobriento do Brasil 22 de abril de 1500
32%
Nordeste e Sudeste são pontos ___________ Colaterais
31%
Antiga Constantinopla, Atual _______ Istambul
31%
Significado das iniciais C.LT Consolidação das Leis Trabalhistas
29%
Testosterona é o principal hormônio masculino e _____ é o principal hormônio feminino Estrógeno
28%
Envolve a hemoglobina Hemácia
27%
Menor osso do corpo humano, encontrado no ouvido Estribo
25%
Fórmula da Amônia NH3
25%
Significado, em inglês, da sigla "S.O.S" Save our souls
25%
Valor arredondado do arroba, como unidade de massa 15 Kg
24%
País a qual as Ilhas de Bermudas pertence Reino Unido
23%
Aceitar e seguir dogmas: Ortodoxo. Contrariar dogmas: Heterodoxo
14%
Significado das siglas de "IBOPE" Instituto brasileiro de opinião pública e estatística
12%
Autor do hino nacional brasileiro Joaquim Osório Duque Estrada
9%
Prefixo do SI que denota cem Hecto
8%
366 dias é um ano bissexto, 365 dias é um ano ______ Civil
4%
Significado em português da sigla NASA Administração Nacional da Aeronáutica e do Espaço
2%
Nenhum quiz correspondente encontrado
Distribuição das Pontuações
Porcentagem de Pessoas com Cada Pontuação
Percentil de Números Respondidos
Sua Pontuação Histórica
Você não jogou esse quiz desde o último reset